000
00279nam a22001097a 4500
041
_a
eng
080
_a
80
100
_a
Почепцов Г.Г.
245
_a
Вісник Київського лінгв. університету. 2002/1.
650
_a
Linguistics
999
_c
282421
_d
282421
942
_c
BK